000 00330 a2200157 4500
001 61128
020 _a8508084935
040 _cAnchieta - Pituba
100 _aTavares, Kátia
240 1 0 _aNew Password
_lIng
245 1 0 _aNew Password
300 _a231
362 0 _a2002
650 4 _aInglês e inglês antigo
942 _cBK
999 _c61128
_d61128